Представление документа в формате MARC21

Поле Инд. ПП Название Значение
Тип записи a
Библиографический уровень m
001 Контрольный номер RU/IS/BASE/264546590
005 Дата корректировки 20250606114007.6
008 Кодируемые данные 19971204
040 00 e Правила каталог. Л 971204
084 a Индекс другой классификации/Индекс ББК 84(4Лат)6-44я43
090 00 a Полочн. индекс 84(4Лат)6-44я43
x Авторский знак У 11
097 00 a 210
245 00 a Заглавие У незримой границы
b Продолж. заглавия повести
c Ответственность перевод с латинского Ю. Каппе
260 00 a Место издания Москва
b Издательство Молодая гвардия
c Дата издания 1993
300 00 a Объем 336 с.
b Иллюстрации/ тип воспроизводства ил.
336 a Термин вида содержания Текст
337 a Термин типа средства непосредственный
440 00 a Серия Стрела
505 0_ a Форматированное содержание У незримой границы
b Автор Ластовский И.
505 0_ a Форматированное содержание Звонок на рассвете
b Автор Медведовский Л.
505 0_ a Форматированное содержание Шаги за спиной
b Автор Стейга М.
650 04 a Основная рубрика художественная литература
653 00 a Ключевые слова XX век
a Ключевые слова латвийская литература
a Ключевые слова Латвия
655 00 a Жанр/ форма (устаревшее) проза
a Жанр/ форма (устаревшее) повесть
700 10 a Автор Ластовский Л.
700 10 a Автор Медведовский Л.
700 10 a Автор Стейга М.
700 10 a Автор Каппе Ю.
e Роль лиц переводчик
901 t Тип документа m
952 a Тип литературы для КСУ ВШ ЛХИ